LIBRO DEL AÑO 1974 /

Shranjeno v:
Bibliografske podrobnosti
Drugi avtorji: Salvat, Juan (dirección) (dirección)
Format: Knjiga
Izdano: BARCELONA : SALVAT, 1974
Teme:
Oznake: Označite
Brez oznak, prvi označite!

MARC

LEADER 00000nam^a2200000^a^4500
001 000246403
005 20250521000000.0
009 20260310105536.845
035 |a 029125 
037 |a Acervo Xavier Clavigero 
082 |a 036. LIB 
245 1 0 |a LIBRO DEL AÑO 1974 /  |c ED. SALVAT 
264 1 |a BARCELONA :  |b SALVAT,  |c 1974 
300 |a 287 p. :  |b il. 
336 |a texto  |b txt  |2 rdacontenido 
337 |a sin mediación  |b n  |2 rdamedio 
338 |a volumen  |b nc  |2 rdasoporte 
649 |a XX 
650 |a Enciclopedias y Diccionarios 
650 |a Anuarios 
700 |a Salvat, Juan  |e (dirección) 
910 |a Fondo General 
920 |a Impresos - Libros 
930 |a Obras de Referencia 
905 |a 102 
901 |a 029125  |b IT2  |c REF  |i 029125  |u 20250521 
902 |a https://opac.biblio.iteso.mx/vufind/Record/000246403